[Event "GER-ch Net blitz qual1"]
[Site "Playchess.com INT"]
[Date "2021.04.24"]
[Round "9"]
[White "Hertel, Marco"]
[Black "Foerster, Erik"]
[Result "1/2-1/2"]
[WhiteElo "1941"]
[BlackElo "2304"]
[PlyCount "161"]
[EventDate "2021.04.24"]
[EventType "swiss (blitz)"]
[EventRounds "11"]
[EventCountry "GER"]
[SourceTitle "CBM 202 Extra"]
[Source "ChessBase"]
[SourceDate "2021.07.31"]
[SourceVersion "1"]
[SourceVersionDate "2021.07.31"]
[SourceQuality "1"]

1. e4 d5 2. exd5 Qxd5 3. Nc3 Qd8 4. Nf3 Nf6 5. d4 Bf5 6. Bd3 Bxd3 7. Qxd3 c6 8. Bf4 e6 9. 0-0 Nbd7 10. Rad1 Bb4 11. Ne5 0-0 12. a3 Ba5 13. Nc4 Bc7 14. Bxc7 Qxc7 15. Qg3 Qxg3 16. hxg3 Rfe8 17. Nd6 Reb8 18. Ne2 Ne8 19. Nxe8 Rxe8 20. c3 Nf6 21. f3 a5 22. Nf4 a4 23. Rfe1 Ra5 24. Re5 Rea8 25. g4 Kf8 26. g5 Nd5 27. Nxd5 cxd5 28. Rd2 Rc8 29. f4 g6 30. g4 Rb5 31. f5 gxf5 32. gxf5 Rc6 33. Rh2 Kg8 34. g6 fxg6 35. fxg6 hxg6 36. Rg5 Kf7 37. Rf2+ Kg7 38. Rfg2 e5 39. Rxe5 Rcb6 40. Re7+ Kf6 41. Ree2 g5 42. Kh2 Kf5 43. Kg3 g4 44. Rgf2+ Kg5 45. Re5+ Kg6 46. Ree2 Kg5 47. Rh2 Rb3 48. Re5+ Kf6 49. Rxd5 Rxb2 50. Rh6+ Ke7 51. Re5+ Kd7 52. Rh7+ Kc6 53. Rc5+ Kd6 54. Rh6+ Kd7 55. Rh7+ Kd6 56. Kxg4 R2b3 57. Kf4 Rc6 58. Rh6+ Kc7 59. Rh7+ Kb6 60. Rf5 Rxa3 61. d5 Rc4+ 62. Ke5 Raxc3 63. Rff7 Rc7 64. Rf6+ Ka7 65. Rxc7 Rxc7 66. d6 Rc1 67. d7 Re1+ 68. Kf5 Rd1 69. Ke6 Kb6 70. Ke7+ Kc5 71. d8Q Rxd8 72. Kxd8 a3 73. Kc7 b5 74. Rf5+ Kc4 75. Kb6 b4 76. Rf4+ Kc3 77. Rf3+ Kb2 78. Kb5 a2 79. Rf2+ Ka3 80. Rxa2+ Kxa2 81. Kxb4 1/2-1/2

[Event "GER Cup Net Final-B U2000"]
[Site "Playchess.com INT"]
[Date "2020.06.06"]
[Round "10"]
[White "Hertel, Marco"]
[Black "Guder, Sibylle"]
[Result "0-1"]
[WhiteElo "1822"]
[BlackElo "1948"]
[PlyCount "96"]
[EventDate "2020.06.06"]
[EventType "swiss (blitz)"]
[EventRounds "13"]
[EventCountry "GER"]
[SourceTitle "CBM 197 Extra"]
[Source "ChessBase"]
[SourceDate "2020.09.30"]
[SourceVersion "1"]
[SourceVersionDate "2020.09.30"]
[SourceQuality "1"]

1. e4 c5 2. Nf3 d6 3. c3 Nf6 4. Be2 Nbd7 5. d3 b6 6. 0-0 Bb7 7. a4 g6 8. a5 Bg7 9. Bf4 0-0 10. a6 Bc6 11. c4 Nh5 12. Bg3 Bxb2 13. Ra2 Bg7 14. Qc2 Nxg3 15. fxg3 Ne5 16. Nc3 e6 17. Kh1 Qe7 18. Nd1 Rad8 19. Ne3 d5 20. exd5 exd5 21. Nxd5 Bxd5 22. Nxe5 Bxe5 23. cxd5 Rxd5 24. Bf3 Rd4 25. Qb3 Qg5 26. Raf2 Kg7 27. Be4 f5 28. Bf3 h5 29. Qe6 Qf6 30. Qxf6+ Bxf6 31. Rd1 Re8 32. Kg1 Ra4 33. Bc6 Bd4 34. Bxe8 Bxf2+ 35. Kxf2 Ra2+ 36. Kf3 Rxa6 37. Bb5 Ra5 38. Bc4 a6 39. Re1 b5 40. Bd5 Ra3 41. Ke3 a5 42. Rc1 c4 43. Kd2 Rxd3+ 44. Ke2 Rxd5 45. Ra1 a4 46. Ke3 Rd3+ 47. Kf4 Kf6 48. Rb1 g5# 0-1

[Event "GER Cup Net V4 U2000"]
[Site "Playchess.com INT"]
[Date "2020.05.31"]
[Round "5"]
[White "Hertel, Marco"]
[Black "Niemann, Alexander"]
[Result "1-0"]
[WhiteElo "1824"]
[BlackElo "1705"]
[PlyCount "87"]
[EventDate "2020.05.31"]
[EventType "swiss (blitz)"]
[EventRounds "9"]
[EventCountry "GER"]
[SourceTitle "EXT 2021"]
[Source "ChessBase"]
[SourceDate "2020.10.23"]
[SourceVersion "1"]
[SourceVersionDate "2020.10.23"]
[SourceQuality "1"]

1. e4 e5 2. Nf3 Nc6 3. c3 d5 4. Qa4 dxe4 5. Nxe5 Bd7 6. Nxd7 Qxd7 7. Qxe4+ Be7 8. Bb5 Nf6 9. Bxc6 bxc6 10. Qf3 0-0 11. 0-0 Bd6 12. d4 Ng4 13. Bf4 Nf6 14. Nd2 Rab8 15. b3 Rfe8 16. Rae1 c5 17. Bxd6 Qxd6 18. Nc4 Qf8 19. Ne5 Qd6 20. Nc6 Ra8 21. Ne7+ Kh8 22. Nf5 Qf8 23. d5 Rad8 24. c4 g6 25. Ng3 Kg7 26. Qf4 Qd6 27. Qg5 Qd7 28. h3 c6 29. dxc6 Qxc6 30. Nf5+ Kh8 31. Ne7 Qd6 32. Nd5 Nxd5 33. cxd5 Qf8 34. Qf6+ Kg8 35. Rxe8 Qxe8 36. d6 Qc6 37. Qxd8+ Kg7 38. Qc7 Qe4 39. d7 Kh6 40. d8Q c4 41. Qf8+ Kh5 42. Qcc5+ f5 43. g4+ Kh4 44. Qh6# 1-0

[Event "GER Cup Net V4 U2000"]
[Site "Playchess.com INT"]
[Date "2020.05.31"]
[Round "9"]
[White "Rempe, Jonas"]
[Black "Hertel, Marco"]
[Result "0-1"]
[WhiteElo "1710"]
[BlackElo "1809"]
[PlyCount "154"]
[EventDate "2020.05.31"]
[EventType "swiss (blitz)"]
[EventRounds "9"]
[EventCountry "GER"]
[SourceTitle "EXT 2021"]
[Source "ChessBase"]
[SourceDate "2020.10.23"]
[SourceVersion "1"]
[SourceVersionDate "2020.10.23"]
[SourceQuality "1"]

1. e4 d5 2. exd5 Nf6 3. Nf3 Nxd5 4. d4 Bg4 5. Be2 e6 6. 0-0 c6 7. c4 Nf6 8. Be3 Bd6 9. Nbd2 0-0 10. h3 Bh5 11. Ne5 Bxe2 12. Qxe2 Nbd7 13. f4 Bb4 14. g4 Bxd2 15. Qxd2 Ne4 16. Qg2 Nd6 17. c5 Nb5 18. f5 Nxe5 19. dxe5 Qd5 20. Qxd5 cxd5 21. a4 Nc7 22. Bd4 a5 23. f6 Na6 24. fxg7 Kxg7 25. Rf6 Rac8 26. Be3 Rfd8 27. Bh6+ Kg8 28. Raf1 Rd7 29. h4 Nxc5 30. g5 Ne4 31. R6f4 Ng3 32. R1f2 Nf5 33. h5 Rc1+ 34. Kg2 Nxh6 35. gxh6 Rc4 36. Kh3 Rxf4 37. Rxf4 d4 38. Rg4+ Kh8 39. Rg2 Rd5 40. Rd2 Rxe5 41. Rxd4 Rxh5+ 42. Kg4 Rxh6 43. Rd7 Kg7 44. Rxb7 Rg6+ 45. Kf4 h5 46. Rb5 Kh6 47. Rxa5 h4 48. Rc5 Rg2 49. Rc8 Kg7 50. b4 h3 51. Rc3 h2 52. Rh3 Rb2 53. b5 Rb4+ 54. Ke5 Rxa4 55. Rxh2 Rb4 56. Rg2+ Kf8 57. Kd6 Rxb5 58. Rh2 Rd5+ 59. Kc6 Ke7 60. Rf2 Rd1 61. Kc5 f5 62. Kc4 Kf6 63. Kc3 e5 64. Kc2 Rd8 65. Kc3 e4 66. Kc4 Ke5 67. Kc3 f4 68. Rh2 e3 69. Rh5+ Ke4 70. Rh3 e2 71. Rh1 f3 72. Re1 Ke3 73. Rxe2+ fxe2 74. Kc4 e1Q 75. Kc5 Qc1+ 76. Kb5 Rb8+ 77. Ka4 Qa1# 0-1

[Event "GER Cup Net V2 U2000"]
[Site "Playchess.com INT"]
[Date "2020.05.22"]
[Round "9"]
[White "Hertel, Marco"]
[Black "Schmitt, Carsten1111"]
[Result "1-0"]
[WhiteElo "1773"]
[BlackElo "1722"]
[PlyCount "65"]
[EventDate "2020.05.22"]
[EventType "swiss (blitz)"]
[EventRounds "9"]
[EventCountry "GER"]
[SourceTitle "EXT 2021"]
[Source "ChessBase"]
[SourceDate "2020.10.23"]
[SourceVersion "1"]
[SourceVersionDate "2020.10.23"]
[SourceQuality "1"]

1. e4 e6 2. Qe2 Be7 3. f4 d5 4. d3 c5 5. Nf3 Nc6 6. g3 Nf6 7. Bg2 0-0 8. 0-0 dxe4 9. dxe4 Nd4 10. Nxd4 cxd4 11. e5 Nd5 12. Rd1 b6 13. c3 dxc3 14. Nxc3 Bb7 15. Nxd5 Bxd5 16. Bxd5 exd5 17. f5 Bc5+ 18. Kh1 d4 19. f6 Qd5+ 20. Qg2 Qxe5 21. fxg7 Qxg7 22. Rd3 Rae8 23. Bf4 Re6 24. Rf1 Rfe8 25. Rdf3 Re2 26. Qh3 Qg6 27. Bh6 Rxb2 28. Qd7 Rbe2 29. Rf6 Qe4+ 30. R1f3 Qb1+ 31. Rf1 Qxa2 32. Qg4+ Kh8 33. Qg7# 1-0

[Event "GER Cup Net V2 U2000"]
[Site "Playchess.com INT"]
[Date "2020.05.22"]
[Round "5"]
[White "Lucas, Michael"]
[Black "Hertel, Marco"]
[Result "1-0"]
[WhiteElo "1899"]
[BlackElo "1773"]
[PlyCount "67"]
[EventDate "2020.05.22"]
[EventType "swiss (blitz)"]
[EventRounds "9"]
[EventCountry "GER"]
[SourceTitle "EXT 2021"]
[Source "ChessBase"]
[SourceDate "2020.10.23"]
[SourceVersion "1"]
[SourceVersionDate "2020.10.23"]
[SourceQuality "1"]

1. d4 Nf6 2. c4 e5 3. dxe5 Ng4 4. Nf3 Nc6 5. Bf4 Bb4+ 6. Nbd2 Qe7 7. e3 Ngxe5 8. Nxe5 Nxe5 9. Be2 0-0 10. 0-0 a5 11. a3 Bc5 12. b4 Ba7 13. Rb1 d6 14. Nf3 Bf5 15. Rb2 Ng6 16. Bg3 Bg4 17. h3 Bxf3 18. Bxf3 Bxe3 19. fxe3 Qxe3+ 20. Bf2 Qxa3 21. Qb1 axb4 22. Rxb4 Ne5 23. Rb3 Qa2 24. Bxb7 Qxb1 25. Rbxb1 Ra4 26. c5 Nd3 27. cxd6 cxd6 28. Bd5 Nf4 29. Bf3 h6 30. Bg3 Rc8 31. Rfc1 Rxc1+ 32. Rxc1 g5 33. Bxf4 Rxf4 34. Rd1 1-0